banner-ar

المونادولوجيا والمبادىء العقلية للطبيعة والفضل الالهى / (Record no. 31248)

MARC details
000 -الفاتح
حقل البيانات ثابتة الطول 00841nam a2200217Ia 4500
005 - وقت وتاريخ اخر تعامل مع التسجيلة
رقم الضبط 20240530102309.0
008 - عناصر البيانات ثابتة الطول - معلومات عامة
حقل البيانات ثابتة الطول 140319s9999 xx 000 0 ara d
040 ## - مصدر الفهرسة
وكالة الفهرسة الأصلية GCL /
وكالة النسخ GCL
082 04 - رقم تصنيف ديوى العشرى
رقم التصنيف 121
رقم المادة ل م
100 1# - المدخل الرئيسى - إسم شخصى
الإسم الشخصى ليبنتز، جوتفريد فيلهلم
245 10 - بيان العنوان
العنوان المونادولوجيا والمبادىء العقلية للطبيعة والفضل الالهى /
بيان المسئوليه,etc ليبنتز، جوتفريد فيلهلم ،ترجمة عبدالغفار مكاوى
260 ## - PUBLICATION, DISTRIBUTION, ETC. (IMPRINT)
تاريخ النشر أو التوزيع 1978
300 ## - الوصف المادى
التعداد 182 ص ؛
أبعاد الوعاء 24 سم
650 04 - المدخل الاضافى بالموضوع-مصطلح موضوعى
مصطلح موضوعي الفلسفة
650 04 - المدخل الاضافى بالموضوع-مصطلح موضوعى
مصطلح موضوعي الفلسفة الوجودية
650 04 - المدخل الاضافى بالموضوع-مصطلح موضوعى
مصطلح موضوعي الفلسفة الغربية
650 04 - المدخل الاضافى بالموضوع-مصطلح موضوعى
مصطلح موضوعي ليبنتز
700 ## - المدخل الاضافى - اسم شخصى
الإسم الشخصى عبدالغفار مكاوى
الدور مترجم
942 ## - عناصر المدخل الإضافي( كوها)
مصدر التصنيف او مخطط الترفيف Dewey Decimal Classification
Koha [default] item type كتاب
260 ## - PUBLICATION, DISTRIBUTION, ETC. (IMPRINT)
-- القاهرة :
-- دار الثقافة للنشر والتوزيع ،
Holdings
حالة التراجع حالة الفقد حالة تلف ليس للاعارة المكان المؤقت الموقع الحالى تاريخ الاكتساب اجمالي اﻻعارات رقم الطلب الباركود تاريخ اخر مشاهدة تاريخ تفعيل السعر نوع وعاء كوها
        مكتبة القاهرة الكبرى مكتبة القاهرة الكبرى 03/26/2014   121\ل م 72998 03/26/2014 03/26/2014 كتاب
        مكتبة القاهرة الكبرى مكتبة القاهرة الكبرى 03/26/2014   121\ل م 72999 03/26/2014 03/26/2014 كتاب

Powered By

EGPV